000 00413nam a2200181Ia 4500
005 20240823010924.0
008 240823s9999||||xx |||||||||||||| ||und||
041 _aENGLISH
082 _A005.133 N9
100 _aSrivastava S K
245 0 _aC in Depth
250 _a1st
260 _c1999
_b"BPB,New Delhi"
500 _aTRANSFERED
650 _aC
_bComputer Applications
942 _cBK
999 _c160032
_d160032